| 000 | 00609nam a2200217Ia 4500 | ||
|---|---|---|---|
| 003 | BUBTL | ||
| 008 | 151213s9999 xx 000 0 und d | ||
| 020 | _a81-239-05157 0-592-063259 | ||
| 082 | _a677BOP | ||
| 100 |
_aBooth,J.E. _91051 |
||
| 245 |
_aPrinciples of Textile Testing : _cJ.E.Booth |
||
| 250 | _a3rd ed. | ||
| 260 |
_aIndia : _bCBS Publishers, _cc1996. |
||
| 300 |
_a xii, 583 p. : _bill. ; _c21 cm. |
||
| 650 | _aTextile | ||
| 650 | _aTextile Engineering | ||
| 760 | _b3rd | ||
| 856 |
_k0 _l0 _yDownload |
||
| 942 |
_2ddc _cBK |
||
| 999 |
_c4372 _d4372 |
||